000 00716nam a2200289Ia 4500
005 20260324141411.0
008 008 260324s9999 xx 000 0 eng d
020 _a9781315051017
037 _aEBOOK
040 _aCRL
040 _beng
040 _cCRL
041 _2eng
041 _aeng
084 _qCRL
100 _aThomas Oldenski
_91208047
245 0 _aLiberation Theology and Critical Pedagogy in Today's Catholic Schools
245 0 _bSocial Justice in Action
260 _bTaylor and Francis
260 _c1997
365 _a
365 _b65.99
856 _uhttp://www.taylorfrancis.com/books/9781315051017
942 _cEBOOK
999 _c1811103
_d1811103